| 000 | 00586nam a22002177a 4500 | ||
|---|---|---|---|
| 003 | ITZ | ||
| 005 | 20240202124055.0 | ||
| 008 | 240202b |||||||| |||| 00| 0 spa d | ||
| 020 | _a978-607-481-615-0 | ||
| 035 | _a17648 | ||
| 041 | _aspa | ||
| 050 |
_aQC320 _bK7 2012 |
||
| 082 |
_a536.2 _bK92p 2012 |
||
| 100 | 1 | _aKreith, Frank | |
| 245 |
_aTransferencia de calor / _cFrank Kreith |
||
| 250 | _a7 | ||
| 260 |
_aMexico: _bCengage Learning _c2012 |
||
| 300 |
_axxl, 696 p. _bil. / _c25 cm |
||
| 650 | _a1. TRASMISION DE CALOR \ 2. PRINCIPIOS DE TRANSFERENCIA DE CALOR | ||
| 942 | _cBK | ||
| 999 |
_c29263 _d29263 |
||